00806nam a2200241 4500003001100000005001700011008004100028020001800069040003900087041000800126082001600134100002300150245006700173260003700240300002700277650003600304650004400340650004600384700002300430942000700453952008900460999001500549LK-CoMWRAF20231109090655.0230819b2006 |||||||| |||| 00| 0 eng d a9789551266561 aLK-CoMWRAFdLK-CoMWRAFeLK-CoMWRAF aeng a822.3 bLUD aLudowyk, E. F. C.  aJaffna and Colombo:ba century of relationships in three plays aColombo:bVijitha Yapa,c[2006?] a334 p. : ill. ; 21 cm. aETHNIC CONFLICT-SRI LANKA-DRAMA aPolitics and government-Sri Lanka-Drama a Social life and customs -Sri Lanka-Drama aMacintyre, Ernest  cBK 00104070aMAINbMAINd2023-08-19l0o822.3 LUDpRAF50r2023-08-19w2023-08-19yBK c3226d3226